| Record ID | ia:lccn_68-15189 |
| Source | Internet Archive |
| Download MARC XML | https://archive.org/download/lccn_68-15189/lccn_68-15189_marc.xml |
| Download MARC binary | https://www.archive.org/download/lccn_68-15189/lccn_68-15189_meta.mrc |
LEADER: 00956cam a22002291 4500
001 68015189
003 DLC
005 19910418135050.7
008 700914s1968 nyu 00000 eng
010 $a 68015189 //r913
040 $aDLC$cDLC$dDLC
043 $an-us---
050 00 $aE169.1$b.B5
082 00 $a973$220
245 04 $aThe Bitch-goddess success;$bvariations on an American theme,$cby Alexis de Tocqueville [and others. Selected and edited by Leslie Katz]
260 0 $aNew York,$bEakins Press$c[1968]
300 $a105 p.$c17 cm.
505 0 $aAlexis de Tocqueville.--Washington Allston.--Henry David Thoreau.--Walt Whitman.--William James.--Louis H. Sullivan.--Charles Ives.--Vachel Lindsay.--Maxwell E. Perkins.--W. H. Auden.--John F. Kennedy.--George F. Kennan.
651 0 $aUnited States$xCivilization.
650 0 $aNational characteristics, American.
700 10 $aKatz, Leslie George,$d1918-$eed.
700 10 $aTocqueville, Alexis de,$d1805-1859.